Super Bowl Host Stadiums - Statistics

General Stats
  • This quiz has been taken 68 times
    18 since last reset
  • The average score is 24 of 61
Answer Stats
Hint Answer % Correct
Super Bowl LX Levi's Stadium, Santa Clara, CA
86%
Super Bow 50 Levi's Stadium, Santa Clara, CA
86%
Super Bowl LXI SoFi Stadium, Inglewood, CA
86%
Super Bowl LVI SoFi Stadium, Inglewood, CA
86%
Super Bowl XLVIII Metlife Stadium, East Rutherford, NJ
79%
Super Bowl LIV Hard Rock Stadium, Miami Gardens, FL
71%
Super Bowl XLIV Hard Rock Stadium, Miami Gardens, FL
71%
Super Bowl XLI Hard Rock Stadium, Miami Gardens, FL
71%
Super Bowl XXXIII Hard Rock Stadium, Miami Gardens, FL
71%
Super Bowl XXIX Hard Rock Stadium, Miami Gardens, FL
71%
Super Bowl XXIII Hard Rock Stadium, MIami Gardens, FL
71%
Super Bowl LVIII Allegiant Stadium, Las Vegas, NV
64%
Super Bowl XLV AT&T Stadium, Dallas, TX
64%
Super Bowl LV Raymond James Stadium, Tampa, FL
64%
Super Bowl XLIII Raymond James Stadium, Tampa, FL
64%
Super Bowl XXXV Raymond James Stadium Tampa, FL
64%
Super Bowl XXVII Rose Bowl, Pasadena, CA
64%
Super Bowl XXI Rose Bowl, Pasadena, CA
64%
Super Bowl XVII Rose Bowl, Pasadena, CA
64%
Super Bowl XIV Rose Bowl, Pasadena, CA
64%
Super Bowl XI Rose Bowl, Pasadena, CA
64%
Super Bowl LI NRG Stadium, Houston, TX
57%
Super Bowl XXXVIII NRG Stadium, Houston, TX
57%
Super Bowl LIII Mercedes-Benz Stadium, Atlanta, GA
50%
Super Bowl XL Ford Field, Detroit, MI
43%
Super Bowl XXVI Hubert H. Humphrey Metrodome, MInneapolis, MN
43%
Super Bowl LVII State Farm Stadium, Phoenix AZ
43%
Super Bowl XLIX State Farm Stadium, Phoenix, AZ
43%
Super Bowl XLII State Farm Stadium, Phoenix, AZ
43%
Super Bowl LII US Bank Stadium, Minneapolis, MN
43%
Super Bowl VII Los Angeles Memorial Coliseum, Los Angeles, CA
36%
Super Bowl I Los Angeles Memorial Coliseum, Los Angeles, CA
36%
Super Bowl XXXIV Georgia Dome, Atlanta, GA
29%
Super Bowl XXVIII Georgia Dome, Atlanta, GA
29%
Super Bowl XLVI Lucas Oil Stadium, Indianapolis, IN
29%
Super Bowl IX Tulane Stadium, New Orleans, LA
21%
Super Bowl VI Tulane Stadium, New Orleans, LA
21%
Super Bowl IV Tulane Stadium, New Orleans, LA
21%
Super Bowl LIX Caesers Superdome, New Orleans, LA
14%
Super Bowl XLVII Caesers Superdome, New Orleans, LA
14%
Super Bowl XXXVI Caesers Superdome, New Orleans, LA
14%
Super Bowl XXXI Caesers Superdome, New Orleans, LA
14%
Super Bowl XXIV Caesers Superdome, New Orleans, LA
14%
Super Bowl XX Caesers Superdome, New Orleans, LA
14%
Super Bowl XV Caesers Superdome, New Orleans, LA
14%
Super Bowl XII Caesers Superdome, New Orleans, LA
14%
Super Bowl XIII Orange Bowl, Miami, FL
14%
Super Bowl X Orange Bowl, Miami FL
14%
Super Bowl V Orange Bowl, Miami, FL
14%
Super Bowl III Orange Bowl, Miami, FL
14%
Super Bowl II Orange Bowl, Miami, FL
14%
Super Bowl XIX Stanford Stadium, Stanford, CA
14%
Super Bowl 30 Sun Devil Stadium, Phoenix, AZ
14%
Super Bowl XXV Tampa Stadium, Tampa, FL
14%
Super Bowl XVIII Tampa Stadium, Tampa, FL
14%
Super Bowl XXXIX TIAA Bank Field, Jacksonville, FL
14%
Super Bowl XVI Pontiac Silverdome, Detroit, MI
7%
Super Bowl XXXVII Qualcomm Stadium, San Diego, CA
7%
Super Bowl XXXII Qualcomm Stadium, San Diego, CA
7%
Super Bowl XXII Qualcomm Stadium, San Diego, CA
7%
Super Bowl VIII Rice Stadium, Houston, TX
7%
No matching quizzes found
Score Distribution
Percent of People with Each Score
Percentile by Number Answered
Your Score History
You have not taken this quiz since the last reset